| 000 | 00477nam a22001697a 4500 | ||
|---|---|---|---|
| 005 | 20260326151413.0 | ||
| 008 | 260326b |||||||| |||| 00| 0 eng d | ||
| 020 | _a978-93-93875-99-0 | ||
| 082 | _a794.10954 | ||
| 100 | _aSuresh Nambath [Ed.] | ||
| 245 |
_aBlack and White : The Rise of Indian Chess _cSuresh Nambath [Ed.] |
||
| 250 | _a1st | ||
| 260 |
_aChennai _bTHG Publishing Privat Ltd. _c2025 |
||
| 650 |
_vGeneral _xPhysical Education |
||
| 942 | _cBK | ||
| 999 |
_c249501 _d249501 |
||